[Event "Dundee & Angus Congress Open"]
[Site "?"]
[Date "2011.10.16"]
[Round "5"]
[White "Kleboe, Jim"]
[Black "Egbaiyelo, Ade"]
[Result "1/2-1/2"]
[WhiteElo "1749"]
[BlackElo "1918"]
[PlyCount "99"]

1. e4 e6 2. d4 d5 3. Nc3 Bb4 4. e5 Ne7 5. a3 Bxc3+ 6. bxc3 c5 7. Nf3 Nbc6 8.
Be2 Qa5 9. Bd2 Bd7 10. O-O c4 11. Ng5 O-O 12. f4 f6 13. exf6 Rxf6 14. Bg4 h6
15. Nf3 Raf8 16. Qe2 Nc8 17. Ne5 Qc7 18. Rae1 Nd8 19. Bh3 Nd6 20. g4 Ba4 21. g5
hxg5 22. fxg5 Rxf1+ 23. Rxf1 Rxf1+ 24. Bxf1 Ne4 25. Bg2 Nxd2 26. Qxd2 Nf7 27.
Bh3 Qe7 28. Nxf7 Qxf7 29. Qe3 Bd7 30. Qe5 Qg6 31. Qb8+ Kh7 32. Qd8 Ba4 33. Qe7
Bxc2 34. Bxe6 Qe4 35. g6+ Qxg6+ 36. Kf2 Be4 37. Qh4+ Qh6 38. Qxh6+ Kxh6 39. Kg3
Kg5 40. h4+ Kf6 41. Bc8 b6 42. Kf4 g6 43. Ba6 Bh1 44. Bb7 a5 45. Bc6 Be4 46.
Bb7 Bh1 47. Bc6 Bg2 48. Bb7 Be4 49. Bc6 Bg2 50. Bb7 1/2-1/2

[Event "Dundee & Angus Congress Open"]
[Site "?"]
[Date "2011.10.16"]
[Round "5"]
[White "Sanderson, Mark"]
[Black "Tsang, Sai Kong"]
[Result "0-1"]
[WhiteElo "1709"]
[BlackElo "1823"]
[PlyCount "58"]

1. e4 c5 2. Nc3 Nc6 3. f4 g6 4. Nf3 Bg7 5. Bc4 h6 6. O-O d6 7. d3 e6 8. Qe1
Nge7 9. Qh4 a6 10. a4 Qc7 11. Bd2 Bd7 12. Rab1 O-O-O 13. Ne2 d5 14. Ba2 Rde8
15. c3 c4 16. dxc4 dxe4 17. Nfd4 Nxd4 18. cxd4 Bxa4 19. Qe1 Bc2 20. Rc1 Bd3 21.
Bc3 Kb8 22. d5 Bxc3 23. Rxc3 Qb6+ 24. Rf2 exd5 25. cxd5 Nf5 26. Rb3 Qa7 27. Rc3
e3 28. Rxd3 exf2+ 29. Qxf2 Rxe2 0-1

[Event "Dundee & Angus Congress Open"]
[Site "?"]
[Date "2011.10.16"]
[Round "5"]
[White "Payada, Dmitriy"]
[Black "Robertson, David"]
[Result "0-1"]
[WhiteElo "1944"]
[BlackElo "2053"]
[PlyCount "52"]

1. e4 e6 2. d4 d5 3. Nd2 Nf6 4. e5 Nfd7 5. Bd3 c5 6. c3 Nc6 7. Ne2 cxd4 8. cxd4
f6 9. exf6 Nxf6 10. O-O Bd6 11. Nf3 Qc7 12. Bg5 O-O 13. Rc1 a6 14. Bb1 Nh5 15.
Qd3 g6 16. Ne5 Bxe5 17. dxe5 Qxe5 18. Be3 Nf6 19. Bc5 Rf7 20. Nd4 Ng4 21. g3
Qh5 22. h4 Nge5 23. Qc3 Nxd4 24. Bxd4 Nf3+ 25. Kg2 e5 26. Be3 Bg4 0-1

[Event "Dundee & Angus Congress Open"]
[Site "?"]
[Date "2011.10.16"]
[Round "5"]
[White "Clifford, John"]
[Black "Neave, George"]
[Result "0-1"]
[WhiteElo "1799"]
[BlackElo "2146"]
[PlyCount "54"]

1. e4 c5 2. Nf3 Nc6 3. d4 cxd4 4. Nxd4 Nf6 5. Nc3 e5 6. Ndb5 d6 7. a4 a6 8. Na3
Be6 9. Bc4 Rc8 10. Bg5 Qb6 11. Rb1 Qb4 12. Bxf6 Bxc4 13. Nxc4 Qxc4 14. Bh4 Nb4
15. Bg3 Be7 16. Rc1 Bg5 17. Rb1 O-O 18. f3 d5 19. Bxe5 d4 20. f4 dxc3 21. bxc3
Qxe4+ 22. Kf2 Bh4+ 23. g3 Be7 24. Bd4 Nc6 25. Re1 Qd5 26. Rxb7 Bc5 27. Qg4 Nxd4
0-1

[Event "Dundee & Angus Congress Open"]
[Site "?"]
[Date "2011.10.16"]
[Round "5"]
[White "Pyrich, George"]
[Black "McLean, Ian"]
[Result "1-0"]
[WhiteElo "1908"]
[BlackElo "1849"]
[PlyCount "61"]

1. d4 Nf6 2. c4 g6 3. Nc3 Bg7 4. Nf3 d6 5. Bg5 h6 6. Bh4 O-O 7. e3 Nbd7 8. Be2
c5 9. d5 a6 10. O-O Rb8 11. a4 b6 12. Qc2 g5 13. Bg3 Nh5 14. Nxg5 hxg5 15. Bxh5
Ne5 16. Bxe5 Bxe5 17. f4 gxf4 18. exf4 Bd4+ 19. Kh1 e6 20. Ra3 Qh4 21. Be2 e5
22. f5 Kg7 23. Ne4 Rg8 24. Nxd6 Kf8 25. Nxc8 Rxc8 26. Qd2 Ke7 27. Rh3 Qe4 28.
Bd3 Qg4 29. f6+ Kd6 30. Bf5 Qg5 31. Qxg5 1-0

[Event "Dundee & Angus Congress Open"]
[Site "?"]
[Date "2011.10.16"]
[Round "5"]
[White "McBride, John"]
[Black "Will, Douglas"]
[Result "1/2-1/2"]
[WhiteElo "1752"]
[BlackElo "1870"]
[PlyCount "73"]

1. d4 Nf6 2. Nf3 g6 3. c4 Bg7 4. Nc3 O-O 5. e4 d6 6. h3 c5 7. d5 e6 8. Be2 exd5
9. exd5 Re8 10. g4 Nxg4 11. hxg4 Bxg4 12. Be3 Nd7 13. Qd2 a6 14. a4 b5 15. axb5
axb5 16. Rxa8 Qxa8 17. Nxb5 Qa1+ 18. Qd1 Qxb2 19. O-O Qf6 20. Nh2 Bh3 21. Re1
Rxe3 22. fxe3 Qg5+ 23. Bg4 Ne5 24. Nxd6 Bxg4 25. Nxg4 Nxg4 26. Ne4 Qh4 27. Re2
Nxe3 28. Rxe3 Bd4 29. Qf3 Qe1+ 30. Kg2 Bxe3 31. d6 Qg1+ 32. Kh3 Bg5 33. Nxg5
Qxg5 34. d7 Kg7 35. Qd5 Qe3+ 36. Kg2 Qe2+ 37. Kg1 1/2-1/2

[Event "Dundee & Angus Congress Open"]
[Site "?"]
[Date "2011.??.??"]
[Round "5"]
[White "Giulian, Rosie"]
[Black "James, Chris"]
[Result "1/2-1/2"]
[WhiteElo "1764"]
[BlackElo "1714"]
[PlyCount "49"]

1. e4 c5 2. c3 d6 3. d4 cxd4 4. cxd4 a6 5. a4 Nf6 6. Nc3 e6 7. Nf3 Be7 8. Bd3
O-O 9. O-O Nc6 10. Qe2 Qa5 11. Bd2 Qh5 12. h3 e5 13. d5 Nd8 14. Nh2 Qxe2 15.
Bxe2 Nd7 16. b4 b6 17. a5 b5 18. Rac1 f5 19. f3 f4 20. Rc2 Nf7 21. Rfc1 Nf6 22.
Nf1 Bd7 23. Nd1 Rfc8 24. Nf2 Bd8 25. Rxc8 1/2-1/2

[Event "Dundee & Angus Congress Open"]
[Site "?"]
[Date "2011.10.16"]
[Round "5"]
[White "Harrold, Bruce"]
[Black "Bhopal, Raj"]
[Result "0-1"]
[WhiteElo "1823"]
[BlackElo "1808"]
[PlyCount "37"]

1. e4 d5 2. exd5 Qxd5 3. Nc3 Qd6 4. Nf3 Nf6 5. Bc4 a6 6. Qe2 b5 7. Bb3 Bb7 8.
d3 e6 9. Bg5 Nbd7 10. Rd1 Be7 11. O-O c5 12. Bh4 O-O 13. Bg3 Qc6 14. Ne1 Nb6
15. f3 c4 16. dxc4 bxc4 17. Nd3 cxd3 18. Qxd3 a5 19. Qe3 0-1

[Event "Dundee & Angus Congress Open"]
[Site "?"]
[Date "2011.10.16"]
[Round "5"]
[White "Grove, Mikey"]
[Black "McGowan, Daniel"]
[Result "1/2-1/2"]
[WhiteElo "1851"]
[BlackElo "2088"]
[PlyCount "46"]

1. e4 e6 2. d4 d5 3. Nc3 dxe4 4. Nxe4 Nd7 5. Nf3 Ngf6 6. Nxf6+ Nxf6 7. Bg5 Be7
8. Bd3 O-O 9. c3 b6 10. Qc2 h6 11. h4 Bb7 12. O-O-O c5 13. dxc5 Qc7 14. Rh3
bxc5 15. c4 Rfd8 16. Bd2 e5 17. Ng5 e4 18. Nxe4 Nxe4 19. Bxe4 Bxe4 20. Qxe4 Bf6
21. Rd3 Rxd3 22. Qxd3 Rb8 23. Bc3 Rd8 1/2-1/2

[Event "Dundee & Angus Congress Open"]
[Site "?"]
[Date "2011.10.16"]
[Round "5"]
[White "Grant, Alan"]
[Black "Findlay, David"]
[Result "1/2-1/2"]
[WhiteElo "2175"]
[BlackElo "2167"]
[PlyCount "38"]

1. Nf3 Nf6 2. c4 g6 3. Nc3 Bg7 4. g3 O-O 5. Bg2 d6 6. O-O e5 7. d3 Nc6 8. Rb1
a5 9. a3 Bg4 10. b4 axb4 11. axb4 Qd7 12. b5 Nd4 13. e3 Nxf3+ 14. Bxf3 Qf5 15.
Bxg4 Nxg4 16. f3 Nf6 17. e4 Qh3 18. Qd2 c6 19. Qg2 Qd7 1/2-1/2

[Event "Dundee & Angus Congress Open"]
[Site "?"]
[Date "2011.10.16"]
[Round "5"]
[White "Marks, Ian"]
[Black "Rocks, Daniel"]
[Result "1/2-1/2"]
[WhiteElo "1884"]
[BlackElo "2056"]
[PlyCount "41"]

1. d4 Nf6 2. Nc3 d5 3. Bg5 g6 4. Qd2 Bg7 5. f3 O-O 6. e4 dxe4 7. fxe4 Nc6 8.
Nf3 Bg4 9. O-O-O Bxf3 10. gxf3 e5 11. d5 Nd4 12. f4 Qe7 13. fxe5 Qxe5 14. Be3
c5 15. Bxd4 cxd4 16. Qxd4 Qf4+ 17. Qd2 Qh4 18. Qe1 Qf4+ 19. Qd2 Qh4 20. Qe1
Qf4+ 21. Qd2 1/2-1/2

[Event "Dundee & Angus Congress Open"]
[Site "?"]
[Date "2011.10.16"]
[Round "5"]
[White "Doyle, Jim"]
[Black "Baxter, Harry"]
[Result "0-1"]
[WhiteElo "1908"]
[BlackElo "1846"]
[PlyCount "106"]

1. d4 Nf6 2. c4 g6 3. Nc3 d5 4. Bg5 Ne4 5. h4 Nxc3 6. bxc3 h6 7. Bf4 Bg7 8. e3
O-O 9. Nf3 c5 10. Qd2 Nc6 11. Rb1 b6 12. Be2 Bf5 13. Rc1 dxc4 14. Bxc4 Na5 15.
Be2 Qc8 16. Ne5 Bxe5 17. Bxe5 Qe6 18. Bf4 Kh7 19. d5 Qc8 20. f3 h5 21. e4 Bd7
22. g4 Rg8 23. Kf2 f6 24. Rcg1 e5 25. dxe6 Bxe6 26. gxh5 gxh5 27. Rxg8 Qxg8 28.
Bd6 Qg6 29. Bf4 Rg8 30. Bf1 Rg7 31. Bh2 Qf7 32. Bd3 c4 33. Bb1 Kg8 34. e5 f5
35. Bf4 Qc7 36. Qd6 Qxd6 37. exd6 Kf7 38. Re1 Nc6 39. Bc2 Rg8 40. Ba4 Rc8 41.
Bb5 a6 42. Bxa6 Ra8 43. Bb5 Rxa2+ 44. Kg3 Nd8 45. Bg5 Ra8 46. Kf4 Rc8 47. Bd7
Bxd7 48. Re7+ Kg6 49. Rxd7 Ne6+ 50. Ke5 Nxg5 51. hxg5 h4 52. Rc7 Re8+ 53. Kf4
53... Re5 {Next few moves were missing/illegible.} 0-1

[Event "Dundee & Angus Congress Open"]
[Site "?"]
[Date "2011.10.16"]
[Round "5"]
[White "Roberts, Paul"]
[Black "Hogg, Steve"]
[Result "0-1"]
[WhiteElo "2276"]
[BlackElo "2010"]
[PlyCount "123"]

1. Nf3 d5 2. d4 Nf6 3. c4 e6 4. g3 Bb4+ 5. Bd2 Be7 6. Bg2 O-O 7. O-O c6 8. Qc2
b6 9. Bf4 Nh5 10. Bc1 Nf6 11. Nbd2 Ba6 12. b3 Nbd7 13. e4 Rc8 14. e5 Ne8 15.
Bb2 Nc7 16. Rac1 c5 17. Rfd1 b5 18. cxd5 Nxd5 19. dxc5 Nxc5 20. Qb1 Qb6 21. Bd4
Qb8 22. h4 h6 23. Bf1 Rfd8 24. Ne4 Nd7 25. Qb2 Rxc1 26. Rxc1 Rc8 27. a4 Rxc1
28. Qxc1 Qb7 29. axb5 Bxb5 30. Bxb5 Qxb5 31. Qc8+ Nf8 32. Nfd2 a5 33. Bc5 Nb6
34. Qc7 Bxc5 35. Qxc5 Qb4 36. Qxb4 axb4 37. Nc5 Ng6 38. Nd3 Nd5 39. f4 Nge7 40.
Kf2 Kh7 41. Kf3 h5 42. Nf1 Nf5 43. Nd2 Kg6 44. Nf2 Nd4+ 45. Ke4 Ne2 46. Kf3
Nd4+ 47. Kg2 Ne2 48. Nfe4 Nec3 49. Kf3 Nb5 50. Ng5 Nd4+ 51. Ke4 Nf5 52. Nf1 Nc7
53. Kd3 Ne7 54. Kc4 Ned5 55. Nd2 f6 56. Nxe6 fxe5 57. Nxc7 Nxc7 58. fxe5 Kf5
59. Kxb4 Kg4 60. Kc5 Kxg3 61. Kd6 Ne8+ 62. Kd7 0-1

[Event "Dundee & Angus Congress Open"]
[Site "?"]
[Date "2011.10.16"]
[Round "5"]
[White "MacDonald, Paul"]
[Black "Romilly, Peter"]
[Result "0-1"]
[WhiteElo "1822"]
[BlackElo "2185"]
[PlyCount "94"]

1. d4 Nf6 2. c4 e6 3. Nc3 Bb4 4. Qc2 c5 5. dxc5 Bxc5 6. Nf3 Nc6 7. e3 O-O 8. a3
d5 9. b4 Bd6 10. Bb2 b6 11. cxd5 exd5 12. Be2 Bb7 13. O-O Rc8 14. Qb3 Qe7 15.
Rfd1 Ne5 16. Nb5 Bb8 17. Nxe5 Bxe5 18. Bxe5 Qxe5 19. Rac1 Ba6 20. Nd4 Bxe2 21.
Nxe2 Ng4 22. Ng3 Rxc1 23. Rxc1 h5 24. Qc3 Qg5 25. Qd4 Re8 26. Rc7 h4 27. Ne2 h3
28. Qf4 Qg6 29. Qg3 Qd3 30. gxh3 Nxe3 31. fxe3 Qxe2 32. Rxa7 Rc8 33. Qf2 Qh5
34. Qd2 Qxh3 35. Rb7 Qg4+ 36. Kf2 Qf5+ 37. Ke1 Qb1+ 38. Ke2 Rc2 39. Rxb6 Rxd2+
40. Kxd2 Qb2+ 41. Kd3 Qxa3+ 42. Kd4 Qb3 43. b5 f6 44. Rc6 Qxb5 45. Rc5 Qb2+ 46.
Kxd5 Qxh2 47. Ke6 Qh3+ 0-1

[Event "Dundee & Angus Congress Open"]
[Site "?"]
[Date "2011.10.16"]
[Round "5"]
[White "Campbell, Duncan"]
[Black "Newton, Andrew"]
[Result "1/2-1/2"]
[WhiteElo "1886"]
[BlackElo "1724"]
[PlyCount "98"]

1. e4 c5 2. Nc3 g6 3. g3 Bg7 4. Bg2 Nc6 5. d3 d6 6. Be3 Rb8 7. Qd2 b5 8. Nge2
Nd4 9. O-O b4 10. Nd1 e5 11. c3 Nxe2+ 12. Qxe2 a5 13. f4 Ne7 14. fxe5 Bxe5 15.
Bh6 Qb6 16. Rc1 Be6 17. Ne3 Bxa2 18. c4 Rb7 19. Kh1 Bb3 20. Ng4 Nc6 21. Nf6+
Bxf6 22. Rxf6 Ne5 23. Bf4 Qd8 24. Bxe5 dxe5 25. Rc6 Rc7 26. Ra6 a4 27. Qf2 O-O
28. Bf1 f5 29. exf5 Rxf5 30. Qe3 Qg5 31. Qxg5 Rxg5 32. Bg2 Rf5 33. Kg1 Kg7 34.
Re1 Rcf7 35. Rf1 Rxf1+ 36. Bxf1 Bc2 37. Be2 Rf6 38. Ra5 Rc6 39. Bf3 Rc7 40. Be4
{draw offerred} 40... Rd7 41. Bd5 Bxd3 42. Rxa4 e4 43. Kf2 Kf6 44. Ra5 Rc7 45.
Ke3 Ke5 46. Ra6 Rc8 47. g4 Re8 48. Rc6 Re7 49. Rxc5 Kd6 1/2-1/2

[Event "Dundee & Angus Congress Open"]
[Site "?"]
[Date "2011.10.16"]
[Round "5"]
[White "Roy, Bappa"]
[Black "McGregor, Lindsay"]
[Result "0-1"]
[WhiteElo "1758"]
[BlackElo "1804"]
[PlyCount "72"]

1. e4 e5 2. Nf3 f5 3. Nxe5 Qf6 4. d4 d6 5. Nc4 Nc6 6. d5 Ne5 7. Nxe5 Qxe5 8.
Bb5+ Kf7 9. Nc3 fxe4 10. O-O Nf6 11. f3 Bf5 12. fxe4 Bxe4 13. Nxe4 Qxe4 14. Bd7
g6 15. Be6+ Kg7 16. Kh1 Be7 17. b3 Rhf8 18. Bb2 h6 19. Re1 Qh4 20. Re3 Kh7 21.
Rh3 Qf2 22. Bd4 Ne4 23. Re3 Qf4 24. Rf3 Qg5 25. Qe2 Qh4 26. Raf1 Rxf3 27. Rxf3
Rf8 28. g3 Nxg3+ 29. Rxg3 Qxd4 30. Bh3 Bg5 31. Rd3 Qa1+ 32. Rd1 Qxa2 33. Bg2
Qb2 34. Be4 Qe5 35. Qd3 Rf2 36. Bxg6+ Kg7 0-1

[Event "Dundee & Angus Congress Open"]
[Site "?"]
[Date "2011.10.16"]
[Round "5"]
[White "McPheator, Gary"]
[Black "Spencer, Ed"]
[Result "0-1"]
[WhiteElo "2043"]
[BlackElo "1876"]
[PlyCount "84"]

1. e4 c5 2. Nc3 a6 3. f4 b5 4. g3 Bb7 5. Bg2 e6 6. Nh3 d6 7. d3 Nc6 8. Be3 Nf6
9. O-O Be7 10. g4 h5 11. g5 Ng4 12. Bd2 Qb6 13. Qe1 Nb4 14. Rc1 c4+ 15. d4
Qxd4+ 16. Kh1 d5 17. Nf2 Qc5 18. Nxg4 hxg4 19. a3 Nc6 20. exd5 Nd4 21. Ne4 Qxd5
22. Nf6+ gxf6 23. Bxd5 Bxd5+ 24. Kg1 Bf3 25. Bb4 Ne2+ 26. Kf2 Rxh2+ 27. Ke3
fxg5 28. Rxf3 gxf3 29. Bxe7 gxf4+ 30. Kxf3 Kxe7 31. Qb4+ Kf6 32. Re1 Nd4+ 33.
Ke4 Rd8 34. Qc5 Rd5 35. Qc7 Rh4 36. Rf1 Nf5 37. Kf3 Ne3 38. Ke2 Nxf1 39. Kxf1
Kg6 40. Qc6 a5 41. a4 Rh2 42. Ke1 f3 0-1

[Event "Dundee & Angus Congress Open"]
[Site "?"]
[Date "2011.10.16"]
[Round "5"]
[White "Borwell, Alan"]
[Black "Schwartz, Julius"]
[Result "0-1"]
[WhiteElo "2043"]
[BlackElo "1876"]
[PlyCount "62"]

1. e4 c5 2. Nf3 d6 3. d4 cxd4 4. Nxd4 Nf6 5. Nc3 a6 6. h3 e6 7. g4 d5 8. Bg2
dxe4 9. O-O Be7 10. g5 Nd5 11. Nxe4 e5 12. Ne2 O-O 13. c3 Be6 14. Qc2 Nc6 15.
f4 Rc8 16. f5 Ndb4 17. Qb1 Bc4 18. Be3 Bxe2 19. cxb4 Bxf1 20. Qxf1 Nd4 21. f6
Bxb4 22. fxg7 Kxg7 23. Rd1 Be7 24. Kh1 Qd7 25. Ng3 Qe6 26. Be4 Nc2 27. Bc1 Nd4
28. Be3 Bc5 29. b4 Bb6 30. Nf5+ Nxf5 31. Bxb6 Ng3+ 0-1

[Event "Dundee & Angus Congress Open"]
[Site "?"]
[Date "2011.10.16"]
[Round "5"]
[White "Parks, Joe"]
[Black "Roy, Kiron"]
[Result "0-1"]
[WhiteElo "1860"]
[BlackElo "144"]
[PlyCount "92"]

1. d4 d5 2. Nf3 Nf6 3. e3 c6 4. Bd3 Bg4 5. Nbd2 Qc7 6. O-O Nbd7 7. b3 O-O-O 8.
Bb2 e6 9. c4 Bd6 10. Qc2 Bb4 11. Rfc1 Bxd2 12. Nxd2 h5 13. h3 Rh6 14. hxg4 hxg4
15. cxd5 Qh2+ 16. Kf1 Nxd5 17. g3 Rf6 18. Ne4 Nxe3+ 19. Ke2 Nxc2 20. Nxf6 Nxa1
21. Nxd7 Rxd7 22. Be4 Qh5 23. Bxa1 Qb5+ 24. Bd3 Qa5 25. Rc2 f5 26. Bc4 Re7 27.
Bc3 Qc7 28. Bd2 e5 29. d5 f4 30. Bb4 f3+ 31. Kf1 Re8 32. d6 Qd7 33. Rd2 g5 34.
Bd3 e4 35. Bc4 b5 36. Bf7 Rh8 37. Kg1 Qxf7 38. d7+ Qxd7 39. Rxd7 Kxd7 40. Bc5
Ke6 41. Be3 Rd8 42. Bxa7 Ra8 43. Bc5 Rxa2 44. b4 Rb2 45. Kh2 Kd5 46. Be7 e3 0-1

[Event "Dundee & Angus Congress Open"]
[Site "?"]
[Date "2011.10.16"]
[Round "5"]
[White "Sreeves, Clement"]
[Black "Berry, Neil"]
[Result "1-0"]
[WhiteElo "2148"]
[BlackElo "2314"]
[PlyCount "83"]

1. e4 e5 2. Nf3 Nc6 3. Bb5 a6 4. Ba4 Nf6 5. O-O Be7 6. Re1 b5 7. Bb3 d6 8. c3
O-O 9. h3 Na5 10. Bc2 c5 11. d4 Nd7 12. b3 exd4 13. cxd4 Nc6 14. Nc3 Bf6 15.
Be3 Bb7 16. Nd5 cxd4 17. Nxf6+ Nxf6 18. Nxd4 Nb4 19. Bg5 h6 20. Bh4 Nxc2 21.
Qxc2 Qe7 22. Rad1 Rfc8 23. Qd2 Qe5 24. f4 Qc5 25. Bxf6 gxf6 26. Re3 Re8 27.
Rde1 f5 28. exf5 Rxe3 29. Rxe3 Rc8 30. Kh2 Qe5 31. Rg3+ Kf8 32. Qb2 Qe4 33. Qd2
Bd5 34. f6 h5 35. Rg5 h4 36. Qf2 Rc1 37. Qxh4 Ke8 38. Qg4 Be6 39. Nxe6 Qxe6 40.
Qxe6+ fxe6 41. Rg7 d5 42. Re7+ 1-0

[Event "Dundee & Angus Congress Major"]
[Site "?"]
[Date "2011.10.14"]
[Round "1"]
[White "Duke, Harvey"]
[Black "McDonald, Angus"]
[Result "0-1"]
[WhiteElo "1309"]
[BlackElo "1575"]
[PlyCount "62"]

{128MB, Fritz9.ctg, CASTLEHILL} 1. d4 1... d5 2. c4 e6 3. e3 c6 4. Nc3 Nf6 5.
Bd3 dxc4 6. Bxc4 b5 7. Bd3 Bb4 8. Nge2 O-O 9. O-O Bb7 10. Qc2 Qe7 11. Bd2 Bd6
12. Ne4 Nxe4 13. Bxe4 f5 14. Bd3 Nd7 15. f4 Rac8 16. Qb3 a6 17. Rac1 c5 18.
dxc5 Nxc5 19. Rxc5 Bxc5 20. Nd4 Bd5 21. Qd1 Rcd8 22. Qh5 Rf6 23. Rf2 Rg6 24.
Nf3 Qd6 25. Kh1 Bxf3 26. Qxf3 Qxd3 27. Bc1 Qd5 28. Qe2 Qxa2 29. e4 Qc4 30. Qxc4
bxc4 31. e5 Rd3 0-1

[Event "Dundee & Angus Congress Major"]
[Site "?"]
[Date "2011.10.14"]
[Round "1"]
[White "Robertson, Jim"]
[Black "MacQueen, Andrew"]
[Result "1/2-1/2"]
[WhiteElo "1479"]
[BlackElo "1727"]
[PlyCount "70"]

{128MB, Fritz9.ctg, CASTLEHILL} 1. d4 1... Nf6 2. e3 g6 3. Bd3 Bg7 4. Nd2 d5 5.
f4 Nc6 6. c3 Bg4 7. Ngf3 Qd7 8. h3 Bf5 9. Be2 O-O 10. Ne5 Nxe5 11. fxe5 Ne4 12.
Nxe4 Bxe4 13. O-O c5 14. Bf3 Bxf3 15. Rxf3 c4 16. Bd2 f6 17. exf6 Rxf6 18. Rxf6
Bxf6 19. Qe2 b5 20. e4 dxe4 21. Qxe4 Rd8 22. Re1 Kf7 23. g4 Qd5 24. Qf4 g5 25.
Qe4 Qxe4 26. Rxe4 h6 27. a3 a5 28. Be3 Rd5 29. Kg2 e5 30. Kf3 Ke6 31. dxe5 Bxe5
32. Bb6 a4 33. Bd4 Kd6 34. Bxe5+ Rxe5 35. Rxe5 Kxe5 1/2-1/2

[Event "Dundee & Angus Congress Major"]
[Site "?"]
[Date "2011.10.14"]
[Round "1"]
[White "Flood, Ray"]
[Black "Emery, Keith"]
[Result "0-1"]
[WhiteElo "1471"]
[BlackElo "1704"]
[PlyCount "88"]

{128MB, Fritz9.ctg, CASTLEHILL} 1. e4 1... Nf6 2. Bc4 Nc6 3. d4 Nxe4 4. Bxf7+
Kxf7 5. Qh5+ g6 6. Qd5+ e6 7. Qxe4 Qf6 8. Nf3 Bg7 9. Bg5 Qf5 10. Qxf5+ gxf5 11.
c3 Rg8 12. Nbd2 b6 13. O-O-O Bf8 14. Rhe1 h6 15. Bf4 Rxg2 16. Bg3 Be7 17. Nf1
f4 18. Bxf4 Rxf2 19. Ne5+ Nxe5 20. Bxe5 Bg5+ 21. Kb1 Bf4 22. Bxf4 Rxf4 23. Ng3
Ba6 24. d5 Re8 25. dxe6+ dxe6 26. Re5 Rf3 27. Rd7+ Re7 28. Rxe7+ Kxe7 29. Rh5
Rf6 30. Kc2 Bb7 31. Kd3 Kf7 32. Ne4 Rf3+ 33. Kd4 Rf4 34. Re5 Rxe4+ 35. Rxe4
Bxe4 36. Kxe4 Kf6 37. h4 c6 38. c4 a5 39. a3 a4 40. Kf4 h5 41. Ke4 e5 42. Ke3
Kf5 43. Kf3 e4+ 44. Ke3 Ke5 0-1

[Event "Dundee & Angus Congress Major"]
[Site "?"]
[Date "2011.10.14"]
[Round "1"]
[White "Smith, Stephen"]
[Black "Robertson, Graeme"]
[Result "1-0"]
[WhiteElo "1670"]
[BlackElo "1436"]
[PlyCount "37"]

{128MB, Fritz9.ctg, CASTLEHILL} 1. e4 1... e6 2. d4 d5 3. Nc3 Bb4 4. e5 c5 5.
Qg4 g6 6. Nf3 f5 7. exf6 Qxf6 8. Bd3 Nc6 9. O-O cxd4 10. Nb5 Qg7 11. Qg3 Kd8
12. a3 a6 13. axb4 Rb8 14. Bg5+ Nf6 15. Qd6+ Bd7 16. Nbxd4 Qe7 17. Nxc6+ bxc6
18. Qxb8+ Bc8 19. Ne5 1-0

[Event "Dundee & Angus Congress Major"]
[Site "?"]
[Date "2011.10.14"]
[Round "1"]
[White "Walsh, Peter"]
[Black "Milton, Carl"]
[Result "0-1"]
[WhiteElo "1595"]
[BlackElo "1310"]
[PlyCount "60"]

{128MB, Fritz9.ctg, CASTLEHILL} 1. d4 1... d5 2. c4 c6 3. Nc3 Nf6 4. Nf3 e6 5.
Bg5 Nbd7 6. e3 Be7 7. Rc1 O-O 8. Bd3 dxc4 9. Bxc4 b5 10. Bd3 a6 11. O-O Bb7 12.
Qe2 Qb6 13. Rfd1 Rac8 14. e4 Rfe8 15. e5 Nd5 16. Qe4 g6 17. Qh4 Bf8 18. Ne4 c5
19. dxc5 Nxc5 20. Nf6+ Nxf6 21. exf6 Nxd3 22. Rxd3 Rxc1+ 23. Bxc1 Qc5 24. Rc3
Qd6 25. Nd2 Rd8 26. a3 Qe5 27. Nf1 Qe1 28. Qh3 Rd1 29. g3 Rxc1 30. Re3 Qd1 0-1

[Event "Dundee & Angus Congress Major"]
[Site "?"]
[Date "2011.10.14"]
[Round "1"]
[White "Babin, Andre"]
[Black "Watt, Callum"]
[Result "1-0"]
[WhiteElo "1633"]
[BlackElo "1410"]
[PlyCount "87"]

{128MB, Fritz9.ctg, CASTLEHILL} 1. e4 1... c5 2. Nf3 d6 3. Bb5+ Bd7 4. Bxd7+
Nxd7 5. c4 g6 6. O-O Bg7 7. Nc3 Ngf6 8. d3 O-O 9. Bf4 Nh5 10. Be3 b6 11. d4
cxd4 12. Bxd4 Nhf6 13. Qe2 Rc8 14. b3 Nc5 15. Rad1 Ne6 16. Be3 Qc7 17. Nd5 Qb7
18. Bc1 Rfe8 19. Rfe1 Nc5 20. e5 dxe5 21. Nxe5 e6 22. Nxf6+ Bxf6 23. Ba3 Bg7
24. f4 Qc7 25. Qf3 Red8 26. Qe3 Bxe5 27. fxe5 Rd7 28. Rxd7 Qxd7 29. h3 Rd8 30.
Bxc5 bxc5 31. Qxc5 Qd2 32. Qf2 Kf8 33. Re2 Qd4 34. Qxd4 Rxd4 35. Kf2 a5 36. Ke3
Rd7 37. Rd2 Rc7 38. Rd8+ Ke7 39. Ra8 f6 40. exf6+ Kxf6 41. Rxa5 Rd7 42. c5 Rd5
43. b4 Kf5 44. c6 1-0

[Event "Dundee & Angus Congress Major"]
[Site "?"]
[Date "2011.10.14"]
[Round "1"]
[White "Mitchell, Jeremy"]
[Black "Cassidy, Bernard"]
[Result "1-0"]
[WhiteElo "1703"]
[BlackElo "1438"]
[PlyCount "47"]

{128MB, Fritz9.ctg, CASTLEHILL} 1. e4 1... e5 2. Nf3 Nc6 3. Bb5 a6 4. Ba4 b5 5.
Bb3 Bc5 6. O-O Nf6 7. d3 h6 8. c3 d6 9. d4 exd4 10. cxd4 Bb6 11. h3 O-O 12. Nc3
Bb7 13. Re1 Re8 14. Bf4 Ne7 15. e5 dxe5 16. Nxe5 Ned5 17. Qd2 Re7 18. Rad1 Qe8
19. Ne4 Nxe4 20. Rxe4 Rd8 21. Bxh6 gxh6 22. Rg4+ Kh7 23. Bc2+ f5 24. Bxf5+ 1-0

[Event "Dundee & Angus Congress Major"]
[Site "?"]
[Date "2011.10.14"]
[Round "1"]
[White "Durno, Joy"]
[Black "Van Mulken, Nanning"]
[Result "1-0"]
[WhiteElo "1729"]
[BlackElo "1482"]
[PlyCount "41"]

{128MB, Fritz9.ctg, CASTLEHILL} 1. d4 1... d5 2. c4 c6 3. Nf3 Nf6 4. e3 a6 5.
Nc3 Bf5 6. Nh4 e6 7. Nxf5 exf5 8. Qb3 Ra7 9. a4 Qa5 10. Bd2 Bb4 11. Bd3 O-O 12.
O-O g6 13. Rfd1 Nbd7 14. cxd5 cxd5 15. Nb5 Bxd2 16. Nxa7 Qb4 17. Qc2 Bxe3 18.
fxe3 Qe7 19. Re1 Qd8 20. Rac1 Nb6 21. Qc7 1-0

[Event "Dundee & Angus Congress Major"]
[Site "?"]
[Date "2011.10.14"]
[Round "1"]
[White "Rutherford, Kathleen"]
[Black "Livie, George"]
[Result "1-0"]
[WhiteElo "1336"]
[BlackElo "1623"]
[PlyCount "46"]

{128MB, Fritz9.ctg, CASTLEHILL} 1. e4 1... c5 2. Nf3 g6 3. Nc3 Nc6 4. d4 cxd4
5. Nxd4 Bg7 6. Be3 Nf6 7. Qd2 a6 8. f3 Qc7 9. O-O-O b5 10. g4 h6 11. h4 e6 12.
Nxc6 Qxc6 13. Bg2 Bb7 14. g5 hxg5 15. hxg5 Rxh1 16. Bxh1 Nh5 17. Bd4 Bxd4 18.
Qxd4 O-O-O 19. Ne2 d5 20. Rd3 Qc4 21. Rc3 Qxc3 22. Qxc3+ Kb8 23. f4 dxe4 1-0

[Event "Dundee & Angus Congress Major"]
[Site "?"]
[Date "2011.10.14"]
[Round "1"]
[White "Monaghan, Mark"]
[Black "Atkins, Graham"]
[Result "1/2-1/2"]
[WhiteElo "1705"]
[BlackElo "1471"]
[PlyCount "56"]

{128MB, Fritz9.ctg, CASTLEHILL} 1. d4 1... g6 2. c4 Bg7 3. Nc3 d6 4. e4 Nc6 5.
Be3 e5 6. d5 Nd4 7. Nf3 Bg4 8. Be2 Bxf3 9. Bxf3 Ne7 10. O-O O-O 11. Bxd4 exd4
12. Ne2 c5 13. dxc6 Nxc6 14. Rc1 Qb6 15. b3 Rfe8 16. Nf4 Ne7 17. Nd3 Nc6 18.
Re1 a5 19. Nf4 Ne7 20. Rb1 Bh6 21. Nd3 Nc6 22. Nb2 Bg7 23. h4 h5 24. Nd3 Nb4
25. Rb2 Nxd3 26. Qxd3 Qb4 27. Reb1 Rac8 28. g3 b6 1/2-1/2

[Event "Dundee & Angus Congress Major"]
[Site "?"]
[Date "2011.10.14"]
[Round "1"]
[White "Thacker, Stephen"]
[Black "Aitchison, A. Keith"]
[Result "1/2-1/2"]
[WhiteElo "1430"]
[BlackElo "1640"]
[PlyCount "79"]

{128MB, Fritz9.ctg, CASTLEHILL} 1. d4 1... Nf6 2. Nf3 c6 3. c4 d5 4. cxd5 cxd5
5. Nc3 g6 6. g3 Bg7 7. Bg2 O-O 8. O-O a6 9. Ne5 Nc6 10. f4 e6 11. a3 Qb6 12. e3
Na5 13. Kh1 Bd7 14. b4 Nc4 15. Nxc4 dxc4 16. Qe2 Rac8 17. Bd2 Bc6 18. Bxc6
Qxc6+ 19. Qg2 Nd5 20. Nxd5 exd5 21. Bc3 Rfe8 22. Rf3 Re4 23. g4 Rce8 24. Qf2
Qd7 25. h3 f5 26. g5 Qa4 27. Qd2 Bf8 28. h4 R8e6 29. Kg2 b6 30. Rh1 h5 31. Rb1
Kf7 32. Kf2 Bd6 33. Rb2 Qe8 34. Ra2 Qb8 35. Qc1 Rxe3 36. Qxe3 Rxe3 37. Kxe3
Qe8+ 38. Kf2 Qa4 39. Kg3 Qd1 40. Kg2 1/2-1/2